| 000 | 01552nam a2200349 i 4500 | ||
|---|---|---|---|
| 001 | 163798 | ||
| 003 | ES-MaACL | ||
| 005 | 20250903063109.0 | ||
| 008 | 950206e1883 sp |r 001 0|spa | ||
| 040 | _cES-MaACL | ||
| 080 | _a654.165 | ||
| 080 | _a621.396 | ||
| 080 | _a539.16 | ||
| 100 | 1 |
_aRodríguez Mourelo, José, _d1859-1932 _eaut _998691 |
|
| 245 | 1 | 3 |
_aLa radiofonía : _bestudio de una nueva propiedad de las radiaciones / _cpor José Rodríguez Mourelo ; con una carta de Don José Echegaray ; y prólogo de Don José Rodríguez Carracido |
| 260 |
_aMadrid : _b[s.n.], _c1883 _fImp. de Manuel G. Hernández) |
||
| 300 |
_aXV, 286 páginas ; _c18 cm |
||
| 500 | _aÍndice | ||
| 505 | 0 | _aDedicatoria [a José Echegaray de Mourelo]. Carta de D. José Echegaray. Prólogo [de José Rodríguez Carracido]. Introducción; Precedentes; Hechos; Inducciones | |
| 530 | _aDisponible en formato digital | ||
| 650 | 7 |
_aRadioteléfono _2embne _9136802 |
|
| 650 | 7 |
_aRadiación _2embne _9242184 |
|
| 700 | 1 |
_aEchegaray, José, _d1832-1916 _eclb _946526 |
|
| 700 | 1 |
_aRodríguez Carracido, José, _d1856-1928 _eaui _998407 |
|
| 700 | 1 |
_aHernández, Manuel Ginés, _d1839-1892 _eprm _9127890 |
|
| 752 |
_aEspaña - _dMadrid |
||
| 852 | 4 |
_aES-MaACL _cSPP2 _jF-10810 _xPasta española |
|
| 856 | 4 |
_uhttps://bibliotecadigital.jcyl.es/es/consulta/registro.do?id=22778 _yVersión en línea _z(Biblioteca Digital de Castilla y León (BDCYL)) |
|
| 942 |
_cMONANT _n0 |
||
| 999 |
_c163798 _d163798 |
||